10 am wenigsten besuchte Staaten in den USA - Statistiken

Allgemein
  • Dieses Quiz wurde 1.198 mal gespielt
  • Das Durchschnittsergebnis liegt bei 6 aus 10
Antwortstatistiken
# Besucher (million) Staat % Korrekt
10 24 North Dakota
77%
2 10,1 Wyoming
66%
3 11 Montana
65%
7 19,2 Rhode Island
65%
4 12,8 Vermont
61%
6 16 Iowa
60%
8 19,1 Nebraska
59%
1 7,3 Delaware
58%
5 15,2 West Virginia
41%
9 22 Mississippi
37%
Keine übereinstimmenden Quizze gefunden
Verteilung der Resultate
Anzahl Personen mit jedem Resultat
Perzentil nach korrekt beantworteten Fragen
Ihre Resultats-Entwicklung
Sie haben dieses Quiz noch nicht gespielt